Statistics for Largest Cities Philippines

Click here to take the quiz!

General Stats

  • This quiz has been taken 74 times
  • The average score is 6 of 12

Answer Stats

% Correct
Manila
97%
Cebu
92%
Davao
92%
Iloilo
48%
Cagayan de Oro
46%
Bacolod
44%
Baguio
39%
Batangas
36%
Angeles
28%
Dagupan
16%
Naga
15%
Olongapo
11%

Score Distribution

Percentile by Number Answered

Percent of People with Each Score

Your Score History

You have not taken this quiz